Statistics for 10 Most Visited Cities in Germany

Click here to take the quiz!

General Stats

  • This quiz has been taken 62 times
  • The average score is 9 of 10

Answer Stats

City% Correct
Munich
100%
Berlin
98%
Hamburg
98%
Frankfurt
95%
Cologne
88%
Dresden
81%
Düsseldorf
79%
Leipzig
77%
Stuttgart
75%
Nuremberg
72%

Score Distribution

Percentile by Number Answered

Percent of People with Each Score

Your Score History

You have not taken this quiz